A Theology of sexuality and marriage. (Record no. 479)
[ view plain ]
| 000 -LEADER | |
|---|---|
| fixed length control field | 00686cam a22002292 4500 |
| 001 - CONTROL NUMBER | |
| control field | 0000003191 |
| 005 - DATE AND TIME OF LATEST TRANSACTION | |
| control field | 20151021151100.0 |
| 008 - FIXED-LENGTH DATA ELEMENTS--GENERAL INFORMATION | |
| fixed length control field | 070430s xx 000 0 eng d |
| 020 ## - INTERNATIONAL STANDARD BOOK NUMBER | |
| International Standard Book Number | 9966855521 : |
| Terms of availability | KES 350 |
| 040 ## - CATALOGING SOURCE | |
| Original cataloging agency | KABU |
| Transcribing agency | KABU |
| 050 #0 - LIBRARY OF CONGRESS CALL NUMBER | |
| Classification number | BT708 |
| Item number | .A78 2001 |
| 100 1# - MAIN ENTRY--PERSONAL NAME | |
| Personal name | Arthur, J. Bryson. |
| -- | 0000152896 |
| 245 12 - TITLE STATEMENT | |
| Title | A Theology of sexuality and marriage. |
| 260 ## - PUBLICATION, DISTRIBUTION, ETC. (IMPRINT) | |
| Place of publication, distribution, etc. | Nairobi : |
| Name of publisher, distributor, etc. | Uzima, |
| Date of publication, distribution, etc. | 2001. |
| 300 ## - PHYSICAL DESCRIPTION | |
| Extent | 176 p. |
| 650 #0 - SUBJECT ADDED ENTRY--TOPICAL TERM | |
| Topical term or geographic name as entry element | Marriage. |
| -- | 0000152876 |
| 650 #0 - SUBJECT ADDED ENTRY--TOPICAL TERM | |
| Topical term or geographic name as entry element | Sex |
| General subdivision | Religious aspects |
| -- | Christianity. |
| -- | 0000149277 |
| 650 #0 - SUBJECT ADDED ENTRY--TOPICAL TERM | |
| Topical term or geographic name as entry element | Sex customs |
| Geographic subdivision | Africa. |
| -- | 0000152897 |
| 908 ## - PUT COMMAND PARAMETER (RLIN) | |
| Put command parameter | 070430 |
| 950 ## - LOCAL HOLDINGS (RLIN) | |
| -- | 1 |
| Withdrawn status | Lost status | Source of classification or shelving scheme | Not for loan | Home library | Current library | Date acquired | Total Checkouts | Full call number | Barcode | Date last seen | Price effective from | Koha item type | Date last checked out |
|---|---|---|---|---|---|---|---|---|---|---|---|---|---|
| Library of Congress Classification | Kabarak, Main Campus | Kabarak, Main Campus | 17/12/2015 | 2 | BT708 .A78 2001 | 012772 | 02/08/2024 | 17/12/2015 | General Collection | 08/10/2021 | |||
| Library of Congress Classification | Kabarak, Main Campus | Kabarak, Main Campus | 17/12/2015 | BT708 .A78 2001 | 002796 | 17/12/2015 | 17/12/2015 | Africana Collection | |||||
| Library of Congress Classification | Kabarak, Nakuru City Campus | Kabarak, Nakuru City Campus | 21/10/2015 | BT708 .A78 2001 | 012750 | 21/10/2015 | 21/10/2015 | General Collection |